[Event "Costanera Salto op 4th"]
[Site "Costanera"]
[Date "2016.05.06"]
[Round "1"]
[White "Boyeras, Juan Pablo"]
[Black "Spata, German"]
[Result "0-1"]
[WhiteElo "1963"]
[BlackElo "2238"]
[PlyCount "112"]
[EventDate "2016.05.06"]
[EventType "swiss"]
[EventRounds "6"]
[EventCountry "ARG"]
[SourceTitle "EXT 2017"]
[Source "ChessBase"]
[SourceDate "2016.10.25"]
[SourceVersion "1"]
[SourceVersionDate "2016.10.25"]
[SourceQuality "1"]

1. e4 e6 2. d4 d5 3. Nc3 Nf6 4. e5 Nfd7 5. f4 c5 6. Nf3 Nc6 7. Be3 cxd4 8. Nxd4 Bc5 9. Qd2 Nxd4 10. Bxd4 Bxd4 11. Qxd4 Qb6 12. Nb5 Qxd4 13. Nxd4 Ke7 14. 0-0-0 Nc5 15. Be2 Bd7 16. Bf3 f6 17. exf6+ Kxf6 18. Rhe1 Rae8 19. Re5 Re7 20. Rde1 Rhe8 21. Kd2 Na6 22. a3 Nb8 23. f5 exf5 24. Rxe7 Rxe7 25. Rxe7 Kxe7 26. Bxd5 b6 27. b4 Kd6 28. Bg8 h6 29. Ke3 g5 30. g3 Na6 31. Bh7 Ke5 32. Nf3+ Kd6 33. Bg8 Nc7 34. Nd4 Ke5 35. Nf3+ Kd6 36. c4 Ne8 37. Kd4 Nc7 38. c5+ Ke7 39. cxb6 axb6 40. Ke5 Ne8 41. Nd4 Nf6 42. Bb3 Ng4+ 43. Kd5 Nxh2 44. Bc2 Nf1 45. Bxf5 Nxg3 46. Bxd7 Kxd7 47. a4 h5 48. Nf3 g4 49. Nh4 Ne2 50. a5 b5 51. Kc5 g3 52. Kb6 Kc8 53. Ka7 Nd4 54. a6 Kc7 55. Ka8 Kb6 56. a7 Nc6 0-1